000 02560cam a2200745 a 4500
001 21786
003 VRT
005 20260309144246.0
008 240313s2016 xo a a 000 0 slo
015 _aSNBA2017/03
020 _a9788081079504
_q(viaz.)
039 9 _a202403131634
_bVLOAD
_c202201201858
_dAUTHORITY
_c201911210806
_dAUTHORITY
_c201801241239
_dVLOAD
040 _aZKSE
_bslo
_cZKSE
_dPOKPOH
_dSNK
_eAACR2
041 1 _aslo
_heng
044 _axo
_cSK
072 7 _a91
_xGeografia ako veda. Výskum. Cestovanie
_2konspekt
072 7 _a0/9-053.2
_xLiteratúra pre deti a mládež (náučná)
_2konspekt
080 _a910.3/.4
_22011
080 _a520:001.891
_22011
080 _a(0.05)
_22011
080 _a(0.025.2)
_22011
080 _a910.4-051
_22011
080 _a910.3/.4-051
_22011
080 _a(084.11)
_22011
100 1 _aBone, Emily
_4aut
240 1 0 _aSee inside - exploration and discovery
_lSlovensky
245 1 0 _aCesty za poznaním a objavmi
_bvyše 70 otváracích okienok
_cnapísala Emily Bone ; ilustroval Steve Scott ; [preklad Jitka Madarásová]
250 _a1. slov. vyd.
260 _aBratislava
_bSvojtka & Co.
_c2016
300 _a14 s.
_bfareb. ilustr.
_c29 cm
490 1 _aPozri sa pod okienko
500 _aKartónové listy s odklápacími okienkami
500 _aNázov z obalu
521 1 _aPre deti od 3 rokov
650 0 7 _aobjavné cesty
_2SNKPH
650 0 7 _acestovatelia
_2SNKPH
650 0 7 _amoreplavci
_2SNKPH
650 0 7 _akozmický výskum
_2SNKPH
650 0 7 _aExploring voyages
_2SNKPHeng
650 0 7 _aTravellers
_2SNKPHeng
650 0 7 _aSailors
_2SNKPHeng
650 0 7 _aSpace research
_2SNKPHeng
655 7 _apublikácie pre deti
_2SNKPH
655 7 _aleporelá
_2SNKPH
655 7 _aChildren's literature
_2SNKPHeng
655 7 _aPicture books for children
_2SNKPHeng
655 7 _aobrazové publikácie
_2SNKPH
655 7 _aPictorial works
_2SNKPHeng
700 1 _aScott, Stephen
_4ill
700 1 _aMadarásová, Jitka
_4trl
830 0 _aPozri sa pod okienko
910 _asezk
910 _apokpoh
910 _asllk
910 _asavuk
910 _asnk
910 _avthk
942 _2ddc
_cKLDE
_n0
949 _6270001000533708
_asvkbbC 61796
_bsvkbbm 766040
949 _617A1254084
_asnkSB 91297
_bsnk2017/5376
_o1/17
949 _617A1254085
_asnkSB 91297 D1
_bsnk2017/5377
_o1/17
949 _62889320802
_asavukPV 23382
_bsavuk2017/437
949 _6273K0628974
_asvkpoC 58725
_bsvkpo623588
999 _c21786
_d21786